Zmení priehrada prírodné prostredie? história výstavby vodných diel na rieke Dunajec

Bibliographic Details
Main Author: Danko, Štefan, 1948- (Author)
Corporate Author: Pieniny (Slovensko : národný park) (Author)
Format: Article
Language:Slovak
PhysicalDescription:2 foto
Subjects:

MARC

LEADER 00000nab a2200000 a 4500
001 vtls001024873
003 SK-MaSNL
005 20260303204159.0
008 040720e19960000xo 0 slo
035 |a SL3431 
040 |a SLLK  |b slo  |c SLLK  |e AACR2 
041 0 |a slo 
044 |a xo  |c SK 
080 |a 551.58  |2 1981 
100 1 |a Danko, Štefan,  |d 1948-  |4 aut  |9 126116 
245 1 0 |a Zmení priehrada prírodné prostredie?  |b história výstavby vodných diel na rieke Dunajec 
300 |b 2 foto 
500 |a začiatok 
650 0 7 |a diela vodné  |2 SLLK  |9 893772 
650 0 7 |a klimatické zmeny  |2 SNKPH  |9 3351 
650 0 7 |a predpoklady  |2 SLLK  |9 888290 
650 0 7 |a články odborné  |2 SLLK  |9 882388 
651 7 |a Czorsztyn (Poľsko)  |2 SLLK  |9 1022715 
651 7 |a Dunajec (Poľsko a Slovensko : rieka)  |2 SLLK  |9 31516 
651 7 |a Pieninský národný park (Slovensko)  |2 SLLK  |9 13216 
655 7 |a periodikum  |2 snkbucl  |9 29553 
710 2 |a Pieniny (Slovensko : národný park)  |4 aut  |9 1237617 
773 0 8 |t Tatry  |g Roč. 35, č.3 (1996), s. 8-9 
852 |a ZVYKNI  |b KIS3GCP 
999 |c 2188787  |d 2190717